<?xml version="1.0" encoding="UTF-8"?>
<record
    xmlns:xsi="http://www.w3.org/2001/XMLSchema-instance"
    xsi:schemaLocation="http://www.loc.gov/MARC21/slim http://www.loc.gov/standards/marcxml/schema/MARC21slim.xsd"
    xmlns="http://www.loc.gov/MARC21/slim">

  <leader>00325nam a22001457a 4500</leader>
  <controlfield tag="003">SGT</controlfield>
  <datafield tag="020" ind1=" " ind2=" ">
    <subfield code="a">9789351649557</subfield>
  </datafield>
  <datafield tag="082" ind1=" " ind2=" ">
    <subfield code="a">615.1</subfield>
    <subfield code="b">P19P</subfield>
  </datafield>
  <datafield tag="100" ind1=" " ind2=" ">
    <subfield code="a">PAWAR, ATMARAM</subfield>
  </datafield>
  <datafield tag="245" ind1=" " ind2=" ">
    <subfield code="a">PHARMACEUTICS FOR PHARM-D</subfield>
  </datafield>
  <datafield tag="260" ind1=" " ind2=" ">
    <subfield code="a">PUNE</subfield>
    <subfield code="b">NIRALI PRAKSHAN</subfield>
    <subfield code="c">2019</subfield>
  </datafield>
  <datafield tag="300" ind1=" " ind2=" ">
    <subfield code="a">14.10</subfield>
  </datafield>
  <datafield tag="650" ind1=" " ind2=" ">
    <subfield code="a">PHARMACEUTICS</subfield>
  </datafield>
  <datafield tag="942" ind1=" " ind2=" ">
    <subfield code="2">ddc</subfield>
    <subfield code="c">BK</subfield>
    <subfield code="0">1</subfield>
  </datafield>
  <datafield tag="952" ind1=" " ind2=" ">
    <subfield code="0">0</subfield>
    <subfield code="1">0</subfield>
    <subfield code="2">ddc</subfield>
    <subfield code="4">0</subfield>
    <subfield code="5">1</subfield>
    <subfield code="7">0</subfield>
    <subfield code="8">FP</subfield>
    <subfield code="a">APL</subfield>
    <subfield code="b">APL</subfield>
    <subfield code="c">REF</subfield>
    <subfield code="d">2022-07-21</subfield>
    <subfield code="e">AHUJA PUBLICATION</subfield>
    <subfield code="g">185.00</subfield>
    <subfield code="i">SGTU</subfield>
    <subfield code="o">615.1 P19P</subfield>
    <subfield code="p">FP4507</subfield>
    <subfield code="r">2022-07-21 00:00:00</subfield>
    <subfield code="w">2022-06-30</subfield>
    <subfield code="y">BK</subfield>
    <subfield code="k">14705</subfield>
  </datafield>
  <datafield tag="952" ind1=" " ind2=" ">
    <subfield code="0">0</subfield>
    <subfield code="1">0</subfield>
    <subfield code="2">ddc</subfield>
    <subfield code="4">0</subfield>
    <subfield code="7">0</subfield>
    <subfield code="8">FP</subfield>
    <subfield code="a">APL</subfield>
    <subfield code="b">APL</subfield>
    <subfield code="c">TXT</subfield>
    <subfield code="d">2022-07-21</subfield>
    <subfield code="e">AHUJA PUBLICATION</subfield>
    <subfield code="g">185.00</subfield>
    <subfield code="i">SGTU</subfield>
    <subfield code="l">1</subfield>
    <subfield code="o">615.1 P19P</subfield>
    <subfield code="p">FP4508</subfield>
    <subfield code="r">2026-03-18 00:00:00</subfield>
    <subfield code="s">2026-03-17</subfield>
    <subfield code="w">2022-06-30</subfield>
    <subfield code="y">BK</subfield>
    <subfield code="k">14705</subfield>
  </datafield>
  <datafield tag="952" ind1=" " ind2=" ">
    <subfield code="0">0</subfield>
    <subfield code="1">0</subfield>
    <subfield code="2">ddc</subfield>
    <subfield code="4">0</subfield>
    <subfield code="7">0</subfield>
    <subfield code="8">FP</subfield>
    <subfield code="a">APL</subfield>
    <subfield code="b">APL</subfield>
    <subfield code="c">TXT</subfield>
    <subfield code="d">2022-07-21</subfield>
    <subfield code="e">AHUJA PUBLICATION</subfield>
    <subfield code="g">185.00</subfield>
    <subfield code="i">SGTU</subfield>
    <subfield code="l">2</subfield>
    <subfield code="o">615.1 P19P</subfield>
    <subfield code="p">FP4509</subfield>
    <subfield code="r">2026-03-18 00:00:00</subfield>
    <subfield code="s">2026-03-16</subfield>
    <subfield code="w">2022-06-30</subfield>
    <subfield code="y">BK</subfield>
    <subfield code="k">14705</subfield>
  </datafield>
  <datafield tag="952" ind1=" " ind2=" ">
    <subfield code="0">0</subfield>
    <subfield code="1">0</subfield>
    <subfield code="2">ddc</subfield>
    <subfield code="4">0</subfield>
    <subfield code="7">0</subfield>
    <subfield code="8">FP</subfield>
    <subfield code="a">APL</subfield>
    <subfield code="b">APL</subfield>
    <subfield code="c">TXT</subfield>
    <subfield code="d">2022-07-21</subfield>
    <subfield code="e">AHUJA PUBLICATION</subfield>
    <subfield code="g">185.00</subfield>
    <subfield code="i">SGTU</subfield>
    <subfield code="l">1</subfield>
    <subfield code="o">615.1 P19P</subfield>
    <subfield code="p">FP4510</subfield>
    <subfield code="r">2026-04-06 00:00:00</subfield>
    <subfield code="s">2026-04-01</subfield>
    <subfield code="w">2022-06-30</subfield>
    <subfield code="y">BK</subfield>
    <subfield code="k">14705</subfield>
  </datafield>
  <datafield tag="952" ind1=" " ind2=" ">
    <subfield code="0">0</subfield>
    <subfield code="1">0</subfield>
    <subfield code="2">ddc</subfield>
    <subfield code="4">0</subfield>
    <subfield code="7">0</subfield>
    <subfield code="8">FP</subfield>
    <subfield code="a">APL</subfield>
    <subfield code="b">APL</subfield>
    <subfield code="c">TXT</subfield>
    <subfield code="d">2022-07-21</subfield>
    <subfield code="e">AHUJA PUBLICATION</subfield>
    <subfield code="g">185.00</subfield>
    <subfield code="i">SGTU</subfield>
    <subfield code="l">1</subfield>
    <subfield code="o">615.1 P19P</subfield>
    <subfield code="p">FP4511</subfield>
    <subfield code="r">2026-04-15 00:00:00</subfield>
    <subfield code="s">2026-03-17</subfield>
    <subfield code="w">2022-06-30</subfield>
    <subfield code="y">BK</subfield>
    <subfield code="k">14705</subfield>
  </datafield>
  <datafield tag="999" ind1=" " ind2=" ">
    <subfield code="c">23044</subfield>
    <subfield code="d">23044</subfield>
  </datafield>
</record>
